[Event "ISR-chT 2018"]
[Site "Israel"]
[Date "2018.02.16"]
[Round "7"]
[White "Psakhis, Lev"]
[Black "Tifferet, Shaked"]
[Result "1-0"]
[WhiteElo "2472"]
[BlackElo "2284"]
[Annotator "TA"]
[PlyCount "92"]
[EventDate "2018.??.??"]
[EventType "team-tourn"]
[EventCountry "ISR"]
[SourceTitle "playchess.com"]
[Source "ChessBase"]
[SourceQuality "1"]

{[%evp 16,92,29,16,41,36,47,40,44,38,66,52,68,68,73,68,67,57,48,49,94,58,101,81,91,78,119,123,127,127,167,170,181,128,151,164,173,139,157,153,156,158,152,149,237,245,295,240,294,267,292,297,287,267,279,287,278,268,317,322,317,310,307,314,479,468,592,592,589,565,541,528,481,449,708,708,701,684,485]} 1. d4 Nf6 2. Bf4 b6 3. e3 Bb7 4. Nf3 g6 5. c4 Bg7 6. Nc3 O-O 7. Be2 d6 8. O-O Nbd7 9. Qc2 {LiveBook: 19 Games. E61: King's Indian: Early deviations for White, including Smyslov System} a6 (9... Nh5 10. Bg5 h6 11. Bh4 g5 12. Nd2 Ndf6 13. Qd1 {½-½ (58) Grischuk,A (2750)-Vachier Lagrave,M (2795) chess.com INT 2017}) 10. e4 $146 ({Predecessor:} 10. Rad1 Qe8 11. e4 e5 12. dxe5 Nh5 13. Be3 Nxe5 14. Nd5 Nxf3+ 15. Bxf3 Qd8 16. Bxh5 gxh5 {½-½ (48) Pantev,V (2423)-Valsecchi,A (2422) Plovdiv 2015}) 10... Qe8 11. d5 {White is slightly better.} e5 12. Bd2 Nh5 13. g3 Qe7 14. Ne1 {[%cal Bf3e1,Be1g2,Bg2f4,Bf4e6][%mdl 32]} Bc8 15. Bxh5 gxh5 16. Qd1 f5 17. Qxh5 f4 18. Ng2 Nf6 19. Qe2 (19. Qh4 {looks sharper.} f3 20. Ne1 Qf7 21. Nxf3 Nxe4 22. Nxe4 Qxf3 23. Rae1) 19... Bh3 20. gxf4 {And now f5 would win.} exf4 21. Nxf4 Bxf1 22. Rxf1 Nd7 23. Ne6 Rf6 24. f4 (24. Kh1 $18) 24... Rxe6 25. dxe6 Qxe6 26. Nd5 Re8 27. Re1 ({Much less strong is} 27. Nxc7 $6 Qxe4 28. Qg2 Qxg2+ 29. Kxg2 Rc8 $14) 27... Nc5 28. Nxc7 Qg6+ 29. Qg2 Bd4+ (29... Rxe4 $16 30. Qxg6 hxg6) 30. Kf1 Qxg2+ 31. Kxg2 Rxe4 32. b4 Rxe1 33. Bxe1 $18 {[%mdl 4096] Endgame KBN-KBN} Nd3 34. Bd2 Nb2 35. Nxa6 Nxc4 36. Bc1 Bc3 37. Kf3 d5 38. a3 Nd6 39. Nc7 d4 (39... b5 $142 40. Nxd5 Bg7) 40. Nd5 {White is clearly winning.} b5 41. Nxc3 dxc3 {KB-KN} 42. Ke3 Kf7 43. Kd3 Ke6 44. Kxc3 Nf5 {[#]} (44... Kd5 $142 45. Kb3 Nf5) 45. a4 $1 bxa4 46. b5 Kd5 {Precision: White = 79%, Black = 37%.} 1-0

[Event "ISR-chT 2018"]
[Site "Israel"]
[Date "2018.02.16"]
[Round "7"]
[White "Manor, Ilan"]
[Black "Bar, Roman"]
[Result "0-1"]
[WhiteElo "2466"]
[BlackElo "2493"]
[Annotator "TA"]
[PlyCount "64"]
[EventDate "2018.??.??"]
[EventType "team-tourn"]
[EventCountry "ISR"]
[SourceTitle "playchess.com"]
[Source "ChessBase"]
[SourceQuality "1"]

{[%evp 15,64,9,0,0,0,0,-6,0,0,-13,-11,-7,1,-25,-45,-68,-42,-88,-78,-80,-79,-100,-93,-200,-188,-252,-244,-390,-318,-479,-472,-444,-293,-454,-457,-468,-501,-631,-595,-557,-538,-619,-614,-768,-746,-2716,-2156,-29976,-29976,-29987,-29988]} 1. g3 e5 2. c4 Nc6 3. Bg2 g6 4. Nc3 Bg7 5. Rb1 a5 6. a3 Nf6 7. b4 axb4 8. axb4 O-O 9. b5 {A25: English Opening vs King's Indian with ...Nc6 but without early d3} (9. d3 d6 10. Nf3 h6 11. Nd2 Nh5 12. b5 Ne7 13. Qb3 Kh7 14. O-O f5 15. Ba3 f4 16. c5 Nf5 17. b6 Nd4 18. Qb2 dxc5 19. Bxc5 {½-½ (64) Ivanchuk,V (2764)-Andriasian,Z (2585) Warsaw 2010}) 9... Nd4 10. e3 Re8 11. d3 {The position is equal.} ({Much weaker is} 11. exd4 exd4+ 12. Nge2 (12. Nce2 $2 d3 $19) 12... dxc3 $17) 11... Ne6 12. Nge2 c6 $146 ({Predecessor:} 12... d6 13. O-O h5 14. h3 e4 15. Nxe4 Nxe4 16. Bxe4 Ng5 {½-½ (27) Haik,A (2400)-Karlsson,L (2505) Paris 1983}) 13. O-O d5 14. bxc6 bxc6 15. cxd5 cxd5 16. f4 exf4 $1 17. gxf4 Ba6 {[%cal Bc8a6,Ba6b5,Bb5a4][%mdl 32]} 18. f5 Nc5 19. Nb5 (19. fxg6 $17 hxg6 20. Nf4) 19... Rb8 $36 {[%mdl 2048] Black is on the roll.} 20. Ba3 (20. Ned4 {keeps fighting.} Bxb5 21. Rxb5 Rxb5 22. Nxb5) 20... Qe7 ({Don't do} 20... Rxb5 21. Rxb5 Bxb5 22. Bxc5 $17) 21. Rf3 (21. Qc1 $142 Nxd3 22. Qd2 Qxe3+ 23. Qxe3 Rxe3 24. Nec3) 21... Bxb5 22. Rc1 (22. Nc3 {was necessary.} Bc6 23. Rxb8 Rxb8 24. d4) 22... Nfd7 23. Nf4 Ba4 {[#]} 24. Qf1 (24. Qxa4 $142 $1 {[%mdl 512]} Nxa4 25. Bxe7 Rxe7 26. Nxd5) 24... d4 25. f6 Qxf6 26. Nh5 Qe5 ({Stronger than} 26... gxh5 27. Rxf6 Bxf6 28. Bxc5 $11) 27. Nxg7 Kxg7 28. Rxf7+ {[#]} Kg8 $1 29. Bxc5 Nxc5 30. Rxc5 Qxc5 31. Qf6 Qc1+ 32. Bf1 Qxe3+ {Precision: White = 19%, Black = 89%.} 0-1

[Event "ISR-chT 2018"]
[Site "Israel"]
[Date "2018.02.16"]
[Round "7"]
[White "Caspi, Israel"]
[Black "Kaplan, Sasha"]
[Result "1-0"]
[WhiteElo "2465"]
[BlackElo "2393"]
[Annotator "TA"]
[PlyCount "75"]
[EventDate "2018.??.??"]
[EventType "team-tourn"]
[EventCountry "ISR"]
[SourceTitle "playchess.com"]
[Source "ChessBase"]
[SourceQuality "1"]

{[%evp 35,75,4,2,1,1,0,0,-10,-10,-10,0,0,0,0,2,0,0,0,29,18,21,23,48,27,62,68,135,132,129,129,236,165,181,151,143,137,178,170,181,190,352,353]} 1. e4 e5 2. Nf3 Nc6 3. Bb5 a6 4. Ba4 Nf6 5. O-O Be7 6. Re1 b5 7. Bb3 d6 8. c3 Nb8 9. d4 Nbd7 10. Nbd2 {[%cal Bb1d2,Bd2f1,Bf1g3][%mdl 32]} Bb7 11. h3 O-O 12. Bc2 Re8 13. Nf1 Bf8 14. Ng3 g6 15. a4 Nb6 {C95: Closed Ruy Lopez: Breyer Variation with 10 d4} 16. dxe5 (16. axb5 axb5 17. Bg5 Bg7 18. Bd3 Rxa1 19. Qxa1 c6 20. Be3 Qc7 21. dxe5 dxe5 22. Qc1 Bc8 23. Qc2 {½-½ (32) Anand,V (2767)-Carlsen,M (2834) Wijk aan Zee 2018}) 16... dxe5 17. Qxd8 Raxd8 18. axb5 axb5 {LiveBook: 3 Games} 19. Bg5 Kg7 20. Ra7 Rb8 21. Nd2 $146 ({Find the theoretical novelty and annotate with similar games:} 21. Bd3 c6 22. b3 Nfd7 23. Be3 {½-½ (65) Tahbaz,A (2410)-Lorparizangeneh,S (2507) Arak 2016}) 21... b4 22. Be3 Bd6 23. Ne2 Nfd7 24. Rc1 bxc3 25. Nxc3 Bc6 26. Bd3 Nc8 27. Ra6 Bb7 28. Ra5 Bb4 29. Rb5 c5 30. Nc4 Ba6 (30... Rd8 $14) 31. Rxb8 $16 Nxb8 32. Nd5 $36 {[%mdl 2048] White has strong initiative.} Nc6 (32... Bxc4 $16 {was worth a try.} 33. Bxc4 (33. Rxc4 Nd6 $16) 33... Nd6) 33. Nc7 Rd8 34. Nxa6 Rxd3 35. Nxc5 Rd8 36. Na6 Bf8 37. Kf1 N8e7 $2 {[#]} (37... h6 38. b4 Nxb4) 38. b4 {Precision: White = 76%, Black = 37%.} 1-0

[Event "ISR-chT 2018"]
[Site "Israel"]
[Date "2018.02.16"]
[Round "7"]
[White "Gershon, Alik"]
[Black "Haimovich, Tal"]
[Result "0-1"]
[WhiteElo "2454"]
[BlackElo "2410"]
[Annotator "TA"]
[PlyCount "198"]
[EventDate "2018.??.??"]
[EventType "team-tourn"]
[EventCountry "ISR"]
[SourceTitle "playchess.com"]
[Source "ChessBase"]
[SourceQuality "1"]

{[%evp 12,198,12,10,10,0,7,0,0,0,0,0,0,-16,0,0,18,0,9,0,16,21,24,0,26,0,0,-6,-10,-7,-13,-112,-101,-129,-105,-105,-16,-120,-120,-215,-97,-95,-102,-96,-99,-90,-50,-45,-46,-117,-125,-131,-129,-135,-133,-152,-177,-192,-191,-197,-129,-141,-134,-121,-87,-257,-188,-167,-161,-211,-208,-222,-181,-236,-237,-230,-147,-143,-24,-24,-24,-26,-26,-26,-26,-26,-16,-16,-8,-16,-16,-16,-16,-16,-14,-14,0,0,0,0,0,0,0,0,0,-12,-12,-12,-12,-16,-16,-293,-293,-293,-293,-293,-278,-293,-293,-285,-278,-293,-293,-293,-287,-285,-285,-285,-285,-278,-278,-278,-252,-237,-230,-317,-230,-230,-223,-223,-216,-223,-216,-216,-216,-216,-202,-195,-195,-216,-216,-154,-154,-154,-154,-250,-250,-242,-146,-263,-243,-656,-656,-641,-641,-29969,-29970,-29970,-29971,-29970,-29971,-29973,-29974,-29974,-29975,-29976,-29976,-29978,-29978,-29978,-29979,-29980,-29979,-29979,-29979,-29979,-29980,-29978,-29977]} 1. c4 e6 2. Nc3 d5 3. cxd5 exd5 4. d4 Bb4 5. a3 Bxc3+ 6. bxc3 Nf6 7. Bg5 {LiveBook: 3 Games. E24: Nimzo-Indian: Sämisch: Unusual Black 5th moves and 5...c5 sidelines} (7. e3 O-O 8. Bd3 Re8 9. Ne2 Nc6 10. O-O Na5 11. f3 c5 12. Ng3 h5 13. Rb1 b6 14. Kh1 Qc7 15. Qe1 c4 16. Bc2 Nb3 17. Qf2 Qe7 18. Re1 Nxc1 19. Rbxc1 Qxa3 {1-0 (32) Giri,A (2772)-Motylev,A (2675) Tbilisi 2017}) 7... h6 8. Bh4 c5 9. dxc5 $146 {The position is equal.} ({Predecessor:} 9. Bxf6 Qxf6 10. g3 Nc6 11. e3 O-O 12. Bg2 Re8 13. Ne2 Bg4 {0-1 (55) De Luna Butz,A (1846)-Osborne,M (2229) London 2010}) 9... O-O 10. e3 Be6 11. Bd3 Nbd7 12. c6 bxc6 13. Ne2 Qa5 14. f3 Rfe8 15. O-O Rab8 16. Bc2 Rb2 17. h3 Qb6 18. Bf2 c5 19. Bh4 {[#]} d4 $1 {[%mdl 512]} 20. cxd4 Bc4 $36 {[%mdl 2048] White is under pressure.} 21. Bf2 (21. Bd3 $11 Bxd3 22. Qxd3) 21... cxd4 $17 22. Nxd4 Bxf1 23. Qxf1 Qc5 ({Black should try} 23... Rc8 $17 24. Rc1 Rc5) 24. Qd3 (24. Qc1 $11 Rbb8 25. Bd1) 24... Ne5 25. Qf5 (25. Qd2 $17 g6 26. Qc1) 25... Qc8 (25... Qc3 $1 $19 {and Black stays clearly on top.} 26. Re1 Qxa3) 26. Ba4 Qxf5 27. Nxf5 Rd8 28. Be1 {Black should prevent Bc3.} Rdb8 29. Bc3 Rb1+ 30. Kh2 {[#]} (30. Kf2 $15 Rxa1 31. Bxa1 Nd3+ 32. Ke2) 30... Rxa1 $1 31. Bxa1 Nc4 32. Bd4 {[#]} a6 $1 33. e4 Nxa3 34. Ne7+ Kh8 35. e5 Ng8 (35... Nh5 $19 36. Nd5 Rd8) 36. Nf5 Nb5 37. Ba1 f6 38. e6 $2 (38. Bc2 $17) 38... Re8 39. Nd4 g6 40. f4 Kg7 41. g4 Kf8 42. Bxb5 (42. Nxb5 $142 axb5 43. Bxb5 Rxe6 44. Kg2) 42... axb5 $19 {[%mdl 4096] Endgame KRN-KBN} 43. Bc3 Rb8 44. Bb4+ Ke8 ({Black should play} 44... Kg7 $17 {...Rc8 is the strong threat.} 45. f5 Rc8) 45. f5 $1 $11 {[%cal Rf5g6]} gxf5 46. Nxf5 Ra8 47. Nd6+ $1 Kd8 48. Nxb5 Ra2+ 49. Kg3 Rb2 50. Ba5+ Ke7 51. Nd4 Kd6 52. Bc3 Rb1 53. Kf4 Ne7 {Hoping for ...Nd5+.} 54. Ke4 Nd5 55. Bd2 Rd1 56. Bxh6 {Threatens to win with Bf8+.} Nc3+ 57. Ke3 Ke7 58. Bg7 Nd5+ 59. Ke4 Nc7 60. g5 Re1+ 61. Kf5 $2 {[%mdl 8192]} (61. Kf4 $11 Nd5+ 62. Kf3) 61... Re5+ $1 $19 62. Kf4 Rxg5 63. Bh6 Rg6 ({Stronger than} 63... Nxe6+ 64. Nxe6 Rh5 65. Ng7 $11) 64. Ke4 Nxe6 ({Worse is} 64... Rxh6 65. Nf5+ Kxe6 66. Nxh6 $11) 65. Nf5+ Kd7 66. h4 Rg4+ 67. Kf3 Ra4 68. Be3 Ke8 69. h5 Kf7 70. Nd6+ Kg8 71. Nf5 Kh7 72. Kg3 Ng5 73. Bd4 Ra6 74. Be3 Nf7 75. Kf3 Ra5 76. Kf4 Ra4+ 77. Kg3 Ne5 78. Bd4 Ra3+ 79. Kf4 Nd7 80. Be3 Nf8 81. Nd4 Ra5 82. Kg4 Rd5 83. Bf2 (83. Nf5 $17) 83... Rg5+ 84. Kh4 Nd7 {And now ...Ra5 would win.} 85. Ne6 (85. Nf3 $17 {only move.}) 85... Rg2 86. Bd4 $2 (86. Bg3) 86... Re2 87. Nc5 Nxc5 88. Bxc5 {KR-KB} Re4+ {Black mates.} 89. Kg3 Kh6 90. Kf3 Rh4 91. Be7 Kg5 92. Kg3 Rxh5 93. Bd6 Rh7 94. Kf3 Kf5 95. Bc5 Rh3+ 96. Kf2 Rd3 97. Be7 Rd7 98. Bc5 Ke4 99. Be3 Rb7 {Precision: White = 39%, Black = 69%.} 0-1

[Event "ISR-chT 2018"]
[Site "Israel"]
[Date "2018.02.16"]
[Round "7"]
[White "Abergel, Thal"]
[Black "Nabaty, Tamir"]
[Result "0-1"]
[WhiteElo "2452"]
[BlackElo "2670"]
[Annotator "TA"]
[PlyCount "50"]
[EventDate "2018.??.??"]
[EventType "team-tourn"]
[EventCountry "ISR"]
[SourceTitle "playchess.com"]
[Source "ChessBase"]
[SourceQuality "1"]

{[%evp 9,50,1,0,-28,-28,-18,6,-12,-11,-39,-13,-39,-39,-46,-41,-110,-108,-104,-102,-152,-100,-134,-128,-133,-139,-141,-160,-149,-150,-190,-173,-162,-151,-522,-481,-764,-702,-747,-733,-742,-731,-715,-677]} 1. e4 c6 2. Ne2 d5 3. e5 c5 4. d4 Nc6 5. c3 h5 6. dxc5 $146 {B12: Caro-Kann (Vorstoß-Variante)} ({Vorgänger:} 6. Nf4 cxd4 7. cxd4 e6 8. Nc3 Nge7 9. Bb5 Bd7 10. O-O Qb6 11. Be3 g6 12. Qd2 Nf5 13. Nfxd5 exd5 14. Nxd5 Nxe3 15. fxe3 {1-0 (35) Gashimov,V (2719)-Stickler,R (2227) Mainz 2010}) 6... Nxe5 7. Nd4 e6 {[%cal Be7e6,Be6e5][%mdl 32]} 8. b4 {Die Stellung ist ausgeglichen.} Bd7 9. Bf4 Ng6 10. Be3 Nf6 11. Be2 e5 12. Nf3 (12. Nb3 $15) 12... b6 $17 13. cxb6 axb6 14. O-O Ba4 (14... Bd6 $142 15. a4 O-O) 15. Qxa4+ Rxa4 16. Bb5+ Nd7 17. Bxa4 {[#]} Bd6 $1 18. Rd1 O-O 19. Rxd5 Nf6 $36 {[%mdl 2048] Schwarz bestimmt, wo es lang geht.} 20. Rd1 e4 21. Nd4 $2 {[#]} (21. Nfd2 $17 {war die entscheidende Verteidigung.}) 21... Ng4 $19 {Schwarz steht klar auf Gewinn.} 22. Nd2 (22. g3 $142 Nxe3 23. fxe3) 22... Bxh2+ 23. Kf1 Nxe3+ 24. fxe3 Qf6+ 25. Ke2 Qg5 {Precision: Weiß = 31%, Schwarz = 84%.} 0-1

[Event "ISR-chT 2018"]
[Site "Israel"]
[Date "2018.02.16"]
[Round "7"]
[White "Mindlin, Alon"]
[Black "Frenkel, Ran"]
[Result "1-0"]
[WhiteElo "2452"]
[BlackElo "2188"]
[Annotator "TA"]
[PlyCount "93"]
[EventDate "2018.??.??"]
[EventType "team-tourn"]
[EventCountry "ISR"]
[SourceTitle "playchess.com"]
[Source "ChessBase"]
[SourceQuality "1"]

{[%evp 24,93,83,77,83,92,95,72,102,99,111,109,118,78,80,46,56,66,71,48,53,-15,65,42,43,37,75,41,50,52,50,15,37,33,92,97,136,155,265,250,256,264,442,467,466,452,434,420,427,356,458,426,620,651,1009,906,951,984,910,986,1009,1003,932,891,29958,29959,6110,5683,5129,4802,29976,29977]} 1. d4 Nf6 2. c4 g6 3. Nc3 Bg7 4. e4 d6 5. f3 O-O 6. Be3 c5 7. d5 e6 8. Qd2 exd5 9. cxd5 a6 10. a4 Nbd7 11. Nh3 Re8 {A65: Benoni} (11... Qa5 12. Ra3 Ne8 13. Be2 Ne5 14. Nf2 f5 15. O-O Nf6 16. exf5 Bxf5 17. h3 Rae8 18. Bh6 Bxh6 19. Qxh6 {0-1 (46) Bocharov,D (2576)-Shimanov,A (2623) Astana 2017}) 12. Be2 Ne5 13. Nf2 {LiveBook: 3 Partien} Rb8 {Weiß steht besser.} 14. O-O h5 15. Rab1 $146 ({Vorgänger:} 15. h3 Nh7 16. Bh6 Bh8 17. f4 Nd7 18. Rae1 Bd4 19. Kh1 Qh4 20. Bd3 Ndf6 21. f5 Ng4 22. Nxg4 hxg4 23. fxg6 fxg6 {½-½ (63) Hochstrasser,M (2377)-Regez,M (2183) Switzerland 2013}) 15... b5 16. b4 c4 17. axb5 axb5 18. Ra1 Nh7 19. Ra7 Qf6 20. Rc1 g5 21. Bf1 Qg6 22. Ne2 (22. Rca1 $14) 22... f5 (22... Nf6 $11) 23. exf5 $1 $14 Bxf5 24. Nd4 Kh8 25. Nxf5 Qxf5 26. Ne4 $36 {[%mdl 2048] Weiss drückt.} Qg6 27. Ra6 Rbd8 28. Nc5 {Und Se6 würde nun gewinnen.} g4 {[#]} ({Günstiger ist} 28... Nf8 $14) 29. f4 $1 $16 {[%cal Rf4e5]} Nf7 30. Ne6 Rxe6 (30... Rb8 $16 {war nötig.} 31. Ra7 Kg8) 31. dxe6 $18 Qxe6 32. Re1 Qd7 $2 (32... Nf6 33. Bd4 Qf5) 33. Ra7 Qf5 34. Bd4 Bxd4+ 35. Qxd4+ Kg8 36. Ra5 {[%cal Ba7a5,Ba5b5,Bb5b6,Bb6f6][%mdl 32] Droht Lxc4! und aus.} d5 37. Rxb5 Qd7 (37... Qf6 $142 38. Qf2 Nf8) 38. Rb6 {Weiss will mit Tg6+ Matt setzen.} Qf5 39. b5 {[%cal Bb4b5,Bb5b6,Bb6b7][%mdl 32]} Nf8 40. Rf6 Qd7 41. b6 Qb7 {[#]} 42. Bxc4 $1 dxc4 {[#]} 43. Rxf7 $1 {[%csl Gf7][%cal Rd4g7][%mdl 512]} Qxg2+ (43... Qxf7 44. Qxd8) 44. Kxg2 {[%csl Gf7][%cal Rd4g7]} Rxd4 {[#]} 45. b7 $3 {[%mdl 512]} Rd2+ 46. Kg1 Rb2 47. Rc7 {Precision: Weiß = 77%, Schwarz = 36%.} 1-0

[Event "ISR-chT 2018"]
[Site "Israel"]
[Date "2018.02.16"]
[Round "7"]
[White "Zifroni, Dov"]
[Black "Erenberg, Ariel"]
[Result "0-1"]
[WhiteElo "2443"]
[BlackElo "2391"]
[Annotator "TA"]
[PlyCount "126"]
[EventDate "2018.??.??"]
[EventType "team-tourn"]
[EventCountry "ISR"]
[SourceTitle "playchess.com"]
[Source "ChessBase"]
[SourceQuality "1"]

{[%evp 19,126,14,10,19,19,19,7,10,13,13,13,12,15,10,19,5,10,10,12,12,30,27,18,14,19,27,68,0,0,0,0,0,18,18,18,18,18,18,18,18,18,18,18,18,18,18,25,25,33,33,74,25,242,25,25,18,18,-7,-21,-58,0,-200,-198,-275,-268,-241,-26,-26,-26,-37,-37,-43,-43,-54,-20,-195,-125,-125,-125,-125,-125,-985,-878,-12801,-10420,-3716,-2450,-12821,-12822,-12806,-5527,-12827,-12827,-12826,-12828,-12825,-12829,-12827,-12830,-12830,-12829,-12829,-12829,-12825,-12826,-12833,-12834,-12833,-2562]} 1. Nf3 Nf6 2. c4 e6 3. g3 d5 4. Bg2 dxc4 5. Qa4+ c6 6. Qxc4 b5 {A13: English Opening: 1...e6} 7. Qb3 (7. Qc2 Bb7 8. a4 Nbd7 9. O-O a6 10. Nc3 Be7 11. d4 O-O 12. Ng5 h6 13. Nge4 Nd5 14. Rd1 Qb6 15. Bf4 Nxf4 16. gxf4 {1-0 (77) Karjakin,S (2753)-Khismatullin,D (2642) Chita 2015}) 7... Bb7 8. O-O a6 9. Ne5 Nbd7 10. d4 {[%cal Bd2d4,Bd4e5][%mdl 32]} Nxe5 {LiveBook: 47 Games} 11. dxe5 Nd5 12. Nc3 Be7 13. Ne4 Qb8 14. Nd6+ Bxd6 15. exd6 Qxd6 16. e4 Nb6 17. Rd1 $146 Qe7 $1 18. Qc3 O-O 19. b3 Rac8 20. Bf4 Rfd8 21. Qa5 Na8 22. a4 bxa4 23. b4 (23. bxa4 $14 c5 24. Bf1) 23... h6 $11 24. Be3 Nc7 25. Bc5 Rxd1+ 26. Rxd1 Qe8 $1 27. Qxa4 Rd8 28. Bb6 Rxd1+ 29. Qxd1 Nb5 30. e5 Nc3 31. Qd6 Nd5 32. Bc5 Nc3 33. Qc7 Qa8 34. h4 {[%mdl 1024] White has compensation.} Nb5 35. Qe7 {Bf3 is the strong threat.} Qb8 $2 (35... Qc8 $11) 36. Bd6 $2 (36. Bf3 $1 $18) 36... Qc8 37. Bf3 Nd4 38. Bh5 g6 39. Bg4 {And now Bc5 would win.} h5 (39... c5 $1 $15 40. bxc5 Qa8) 40. Bh3 $2 {[#]} (40. Bc5 $11 Nb3 41. Bf3 Nxc5 42. Qxc5) 40... c5 $1 {[%mdl 512]} 41. Bxc5 (41. bxc5 $142 Nf3+ 42. Kg2) 41... Nf3+ $19 42. Kf1 Nxe5 $2 (42... Bc6 $19 {Hoping for ...Qa8.} 43. Qa7 Bd5) 43. Qd6 $1 $11 {[%cal Rd6e5]} Nc4 44. Qf4 Qd8 {[%cal Rd8d1]} 45. Ke1 Qd5 $40 {[%mdl 128] Black has some attack.} 46. Bf1 Na3 {White must now prevent ...Nc2+.} (46... Ne5 $5 {[%cal Re5f3]} 47. Be2 a5 $1 $15 {[%mdl 512]}) 47. f3 $2 {[#]} (47. Qd6 $1 $11 {and White stays safe.} Nc2+ 48. Ke2) 47... e5 ({Worse is} 47... Qxf3 48. Qxf3 Bxf3 49. Bxa6 $11) (47... Nc2+ $1 $19 48. Kf2 e5) 48. Qe4 $17 Qxe4+ 49. fxe4 Nb5 50. Bxb5 $2 {[%mdl 8192]} (50. Be7 $17) 50... axb5 {[%mdl 4096] Endgame KB-KB. Black is clearly winning.} 51. Kd2 Bxe4 52. Ke3 Bd5 53. Bd6 f6 54. Be7 Kf7 55. Bd8 Ke6 56. Kf2 Kf5 57. Ke3 g5 58. hxg5 Kxg5 59. Be7 Kf5 60. Bd8 Bf7 61. Kf3 {[#]} h4 $1 62. gxh4 Bh5+ 63. Ke3 Ke6 {Precision: White = 45%, Black = 61%.} 0-1

[Event "ISR-chT 2018"]
[Site "Israel"]
[Date "2018.02.16"]
[Round "7"]
[White "Iakymov, Volodymyr"]
[Black "Givon, Asaf"]
[Result "0-1"]
[WhiteElo "2440"]
[BlackElo "2467"]
[Annotator "TA"]
[PlyCount "110"]
[EventDate "2018.??.??"]
[EventType "team-tourn"]
[EventCountry "ISR"]
[SourceTitle "playchess.com"]
[Source "ChessBase"]
[SourceQuality "1"]

{[%evp 22,110,16,27,29,26,21,-22,-18,-95,-87,-152,-117,-156,-153,-155,-148,-273,-121,-121,-119,-124,-122,-119,-117,-117,-118,-142,-144,-144,-114,-117,-126,-129,-128,-166,-174,-185,-135,-136,-146,-145,-150,-122,-114,-178,-170,-209,-211,-277,-131,-132,-128,-135,-133,-131,-110,-170,-166,-176,0,-162,-140,-146,-132,-167,0,-145,-144,-162,-164,-172,-180,-172,-149,-183,-153,-226,-232,-225,-227,-209,-187,-310,-315,-450,-448,-472,-445,-633,-324]} 1. e4 {[%cal Be2e4,Be4e5][%mdl 32]} c5 2. c3 Nf6 {[%cal Bg8f6,Bf6d5,Bd5b4][%mdl 32]} 3. e5 Nd5 4. d4 cxd4 5. Nf3 d6 6. cxd4 Nc6 7. Bc4 dxe5 8. dxe5 Ndb4 9. Qxd8+ {B22: Sicilian: 2 c3} Nxd8 10. Na3 a6 (10... Bg4 11. Bd2 Nbc6 12. Bc3 Bxf3 13. gxf3 a6 14. Nc2 e6 15. Bd3 Rc8 16. Be4 Be7 {½-½ (42) Mamedov,R (2655)-Giri,A (2790) Shamkir 2016}) 11. Bd2 e6 12. O-O {LiveBook: 3 Games} b5 13. Be2 Bb7 14. Nd4 {Threatening Naxb5!} Ndc6 15. Bf3 (15. Nxc6 $11 {keeps the balance.} Nxc6 16. Bf4) 15... O-O-O $17 16. Nb3 $146 ({White should play} 16. Bxb4 Nxd4 17. Ba5 Nxf3+ 18. gxf3) ({Predecessor:} 16. Nxc6 Rxd2 17. Nxb4 Bxb4 {0-1 (37) Solomaha,A (2307)-Nyzhnyk,I (2344) Kiev 2007}) 16... Nd3 17. Na5 Ndxe5 18. Bxc6 Nxc6 19. Nxc6 (19. Nb3 $17 {was necessary.}) 19... Bxc6 (19... Rxd2 $19 20. Rfc1 Bd6 21. Na5+ Bc7) 20. Ba5 Rd7 21. Rac1 Kb7 22. Nc2 Be7 23. Nb4 Rc8 24. Rc2 Rd4 25. a3 Rc4 {[#] Strongly threatening ...Bxb4.} 26. Rd2 Be8 27. Nd3 Rd4 28. Rdd1 Rd5 29. h3 Rc4 30. Nb4 Rxd1 31. Rxd1 Bf6 32. b3 Rd4 33. Rc1 (33. Nd3 $17 {might work better.}) 33... Bd8 $19 34. Bxd8 Rxd8 {[%mdl 4096] Endgame KRB-KRN} 35. Rc3 Kb6 (35... Rd1+ $19 {is more deadly.} 36. Kh2 Ra1) 36. Nd3 $17 a5 37. b4 axb4 38. Nxb4 f6 39. Rg3 (39. f4 $17) 39... Bg6 $19 40. Rc3 Be8 41. Rg3 $1 Rd7 42. Re3 Rd6 43. Rg3 Rd7 44. Re3 $1 {[%cal Re3e6]} Bf7 45. Rg3 Bg6 46. Re3 e5 47. Rc3 Be4 48. h4 Bb7 49. Kh2 (49. h5 $17 {was called for.}) 49... Rd4 50. Kg3 h5 {And now ...Rg4+ would win.} 51. f3 e4 52. fxe4 (52. Re3 {was the only defense.}) 52... Rxe4 53. Kh3 (53. Kf2 $142) 53... g5 {Black is clearly winning.} 54. hxg5 fxg5 55. Nc2 (55. Kh2 $142 h4 56. Kg1) 55... Rh4+ {Precision: White = 37%, Black = 62%.} 0-1